000 00689nam a2200229 a 4500
001 BRCA_3911
005 20190320204454.0
008 120110s1875----nyua######---#000-0#eng-#
041 _aeng
044 _anyu
050 4 _aF1215
_b.H38 1875
100 1 _aHaven, Gilbert.
_910166
245 1 0 _aOur next-door neighbor
_ba winter in Mexico
_cby Gilbert Haven.
260 _aNew York
_bNelson & Phillips
_c1875
300 _a467 p.
_bil., retratos
_c22 cm.
500 _aIncluye apéndice de la A-D e índice de ilustraciones p. 15-16.
500 _aC59
650 1 4 _aViajeros estadounidenses
_97583
651 4 _aMéxico
_vDescripción y viajes.
_910167
902 _aGFM
942 _2lcc
_cB
999 _c3638
_d3638